[Event "20. Torneo San Viator 2013"]
[Site "Madrid ESP"]
[Date "2013.04.14"]
[Round "2.17"]
[White "Barahona Torrijos, Angel"]
[Black "Lopez Benitez, David"]
[Result "1-0"]
[WhiteElo "1885"]
[BlackElo "1746"]
[PlyCount "99"]
[EventDate "2013.04.07"]
[EventType "swiss"]
[EventRounds "9"]
[EventCountry "ESP"]
[Source "lmi"]
[SourceDate "2013.04.07"]

1. e4 d6 2. d4 Nf6 3. Nc3 g6 4. Bg5 Bg7 5. f4 O-O 6. e5 dxe5 7. dxe5 Nfd7 8.
Nd5 f6 9. Bh4 c6 10. Nc3 fxe5 11. Bc4+ Kh8 12. Nf3 exf4 13. Ng5 Ne5 14. Bb3 h6
15. Ne6 Qxd1+ 16. Rxd1 Bxe6 17. Bxe6 f3 18. O-O Bf6 19. Bxf6+ exf6 20. gxf3 Na6
21. f4 Rae8 22. fxe5 Rxe6 23. exf6 Rexf6 24. Rxf6 Rxf6 25. Rd7 Nc5 26. Re7 Kg8
27. b4 Na6 28. Rxb7 Rf7 29. Rxf7 Kxf7 30. a3 Ke6 31. Kf2 Nc7 32. Ke3 Nd5+ 33.
Nxd5 Kxd5 34. Kd3 g5 35. c4+ Ke5 36. a4 g4 37. a5 h5 38. Ke3 h4 39. a6 g3 40.
hxg3 h3 41. Kf3 Kd4 42. b5 cxb5 43. cxb5 Kc5 44. g4 Kxb5 45. g5 Kxa6 46. g6 Kb5
47. g7 a5 48. g8=Q Kb4 49. Qb8+ Ka3 50. Qb5 1-0

[Event "20. Torneo San Viator 2013"]
[Site "Madrid ESP"]
[Date "2013.04.14"]
[Round "2.18"]
[White "Centeno Mateos, Domingo"]
[Black "Garcia Sanjuan, Jose"]
[Result "0-1"]
[WhiteElo "1557"]
[BlackElo "1877"]
[PlyCount "66"]
[EventDate "2013.04.07"]
[EventType "swiss"]
[EventRounds "9"]
[EventCountry "ESP"]
[Source "lmi"]
[SourceDate "2013.04.07"]

1. e4 b6 2. Nc3 Bb7 3. Nf3 e6 4. Bc4 Bb4 5. d3 d5 6. exd5 exd5 7. a3 Bxc3+ 8.
bxc3 dxc4 9. d4 Ne7 10. O-O O-O 11. Qe2 b5 12. Rb1 a6 13. a4 Nd5 14. Bd2 Re8
15. Qd1 c6 16. h3 Nd7 17. Re1 h6 18. Kf1 Qf6 19. Nh2 Rxe1+ 20. Qxe1 Qg6 21. Rb2
N7f6 22. Nf3 Re8 23. Qa1 Ne4 24. Be1 Nexc3 25. Bxc3 Nxc3 26. axb5 cxb5 27. Qa3
Bxf3 28. gxf3 Na4 29. Ra2 Qe6 30. Kg2 Qd5 31. c3 Re1 32. h4 Qe6 33. f4 Qe4+ 0-1

[Event "20. Torneo San Viator 2013"]
[Site "Madrid ESP"]
[Date "2013.04.14"]
[Round "2.28"]
[White "Jimenez Perez, Federico"]
[Black "Choque-Paredes, Jose Carlos"]
[Result "0-1"]
[WhiteElo "1323"]
[BlackElo "2035"]
[PlyCount "58"]
[EventDate "2013.04.07"]
[EventType "swiss"]
[EventRounds "9"]
[EventCountry "ESP"]
[Source "lmi"]
[SourceDate "2013.04.07"]

1. e4 c5 2. Nf3 d6 3. Bb5+ Bd7 4. Bxd7+ Nxd7 5. Nc3 g6 6. d3 Bg7 7. O-O e6 8.
Be3 Ne7 9. Qd2 d5 10. Bh6 O-O 11. Bxg7 Kxg7 12. e5 d4 13. Nb5 Nc6 14. Rfe1 a6
15. Nd6 Ndxe5 16. Nxf7 Nxf3+ 17. gxf3 Rxf7 18. Rxe6 Qd5 19. Rae1 Raf8 20. c4
Qxf3 21. R6e2 Rf4 22. h3 R8f5 23. Kh2 Rh5 24. Kg1 Rxh3 25. Re7+ Nxe7 26. Rxe7+
Rf7 27. Rxf7+ Kxf7 28. Qf4+ Qxf4 29. Kg2 Qf3+ 0-1

[Event "20. Torneo San Viator 2013"]
[Site "Madrid ESP"]
[Date "2013.04.14"]
[Round "2.29"]
[White "Tolosana Esteban, Enrique"]
[Black "Hidalgo Prado, David"]
[Result "0-1"]
[WhiteElo "1754"]
[BlackElo "1397"]
[PlyCount "94"]
[EventDate "2013.04.07"]
[EventType "swiss"]
[EventRounds "9"]
[EventCountry "ESP"]
[Source "lmi"]
[SourceDate "2013.04.07"]

1. e4 e6 2. d4 d5 3. Nc3 Nf6 4. Bg5 dxe4 5. Nxe4 Be7 6. Bd3 Nxe4 7. Bxe7 Nxf2
8. Bb5+ Bd7 9. Qf3 Kxe7 10. Qxf2 Bxb5 11. O-O-O Nd7 12. d5 e5 13. Nf3 f6 14.
Rhe1 Kf7 15. Ng5+ Kg8 16. Ne6 Qc8 17. a4 Bxa4 18. b3 Bb5 19. c4 Ba6 20. d6 cxd6
21. Qg3 g6 22. Qg4 Kf7 23. Ng5+ fxg5 24. Rxd6 Nf6 25. Qe2 Re8 26. Rf1 Re6 27.
Rd2 b5 28. Rc2 bxc4 29. bxc4 Qc7 30. Rf3 Rc8 31. Rfc3 e4 32. Qe3 Qf4 33. c5
Qxe3+ 34. Rxe3 Bd3 35. Rb2 Rxc5+ 36. Kd1 Rb6 37. Ra2 a5 38. Ke1 Rc2 39. Rxc2
Bxc2 40. Rc3 Bd3 41. Ra3 Rb5 42. Kd2 Nd5 43. Kc1 Ke6 44. Kd2 Ke5 45. g3 Kd4 46.
Ra4+ Rb4 47. Rxa5 e3+ 0-1

[Event "20. Torneo San Viator 2013"]
[Site "Madrid ESP"]
[Date "2013.04.14"]
[Round "2.30"]
[White "Mosteiro Montoro, Alvaro"]
[Black "Bermejo Jimenez, Adolfo"]
[Result "0-1"]
[WhiteElo "1680"]
[BlackElo "1396"]
[PlyCount "150"]
[EventDate "2013.04.07"]
[EventType "swiss"]
[EventRounds "9"]
[EventCountry "ESP"]
[Source "lmi"]
[SourceDate "2013.04.07"]

1. d4 c6 2. c4 d5 3. Nc3 Bf5 4. Nf3 e6 5. e3 Bg4 6. cxd5 exd5 7. Be2 Bxf3 8.
Bxf3 Bb4 9. O-O Nf6 10. Ne2 O-O 11. Bd2 Qb6 12. a3 Bd6 13. b4 Nbd7 14. Nc3 Ne4
15. Bxe4 dxe4 16. Nxe4 Qc7 17. g3 Rfe8 18. Qf3 Nb6 19. Rac1 Qe7 20. Nxd6 Qxd6
21. Rc5 Re7 22. Rfc1 Nd7 23. Rf5 Ne5 24. dxe5 Qxd2 25. Rd1 Qc3 26. b5 g6 27.
Rf6 c5 28. e6 fxe6 29. a4 Kg7 30. Rf4 e5 31. Re4 Rf8 32. Qe2 Ref7 33. f4 Re8
34. Rc4 Qa3 35. Rd3 Qa1+ 36. Kg2 e4 37. Rd1 Qa3 38. Rd2 b6 39. Kf2 Qa1 40. Rd1
Qe5 41. Kg2 Qe6 42. h3 Rd7 43. Rxd7+ Qxd7 44. g4 Qd3 45. Kf2 Rd8 46. Qb2+ Kh6
47. g5+ Kh5 48. Qe2+ Qxe2+ 49. Kxe2 Re8 50. Rc1 Rd8 51. Rc2 Kh4 52. Rc1 Rd7 53.
a5 Kxh3 54. axb6 axb6 55. Ra1 Kg4 56. Ra6 Rb7 57. Ra8 c4 58. Rc8 Ra7 59. Rxc4
Ra2+ 60. Kd1 Kf3 61. Rc6 Kxe3 62. Rxb6 Kd3 63. Kc1 e3 64. Rd6+ Kc3 65. Rc6+ Kb3
66. Kb1 e2 67. Re6 Rd2 68. Re3+ Kc4 69. b6 Rd1+ 70. Kc2 e1=Q 71. Rxe1 Rxe1 72.
b7 Re8 73. Kd2 Kd4 74. b8=Q Rxb8 75. Ke2 Ke4 0-1

[Event "20. Torneo San Viator 2013"]
[Site "Madrid ESP"]
[Date "2013.04.14"]
[Round "2.31"]
[White "Di Pietro Moreno, Fatima"]
[Black "Garcia Lopez, Fernando"]
[Result "0-1"]
[WhiteElo "1287"]
[BlackElo "1653"]
[PlyCount "24"]
[EventDate "2013.04.07"]
[EventType "swiss"]
[EventRounds "9"]
[EventCountry "ESP"]
[Source "lmi"]
[SourceDate "2013.04.07"]

1. e4 e5 2. Nf3 Nc6 3. Bc4 Nf6 4. Ng5 Bc5 5. Bxf7+ Ke7 6. O-O h6 7. c3 hxg5 8.
Bd5 d6 9. d3 Rh5 10. b4 Bb6 11. Nd2 Qh8 12. Nf3 g4 0-1

[Event "20. Torneo San Viator 2013"]
[Site "Madrid ESP"]
[Date "2013.04.14"]
[Round "2.32"]
[White "Castro Uceda, Jose Antonio"]
[Black "Villarroya Samaniego, Javier"]
[Result "0-1"]
[WhiteElo "1642"]
[BlackElo "1267"]
[PlyCount "105"]
[EventDate "2013.04.07"]
[EventType "swiss"]
[EventRounds "9"]
[EventCountry "ESP"]
[Source "lmi"]
[SourceDate "2013.04.07"]

1. d4 f5 2. c4 Nf6 3. Nc3 e6 4. Bg5 c6 5. Qc2 d5 6. e3 Bd6 7. c5 Bc7 8. Nf3 O-O
9. Ne5 h6 10. Bh4 g5 11. Bg3 Nbd7 12. Rd1 Nxe5 13. Bxe5 Bxe5 14. dxe5 Nd7 15.
Qe2 Nxe5 16. Qh5 Qf6 17. Bd3 g4 18. f4 Nxd3+ 19. Rxd3 Bd7 20. g3 Be8 21. Qh4
Qxh4 22. gxh4 Rf6 23. Rg1 h5 24. a4 Rd8 25. b4 a6 26. Ne2 Rd7 27. Nd4 Re7 28.
Ne2 Bg6 29. Rb3 e5 30. fxe5 Rxe5 31. Nf4 Kg7 32. b5 axb5 33. axb5 Rf7 34. Kd2
Rfe7 35. bxc6 bxc6 36. Rb6 Rc7 37. Nd3 Re6 38. Ra1 Rce7 39. Re1 Be8 40. Nf4 Rf6
41. Ra1 Kh6 42. Nxd5 Rd7 43. Kc3 Rxd5 44. Ra8 Bd7 45. Rh8+ Kg7 46. Rxh5 Rxc5+
47. Kd4 Rd5+ 48. Kc4 Re5 49. Rb8 Re8 50. Rb3 Re4+ 51. Kc3 Rxe3+ 52. Kc2 Rxb3
53. Kxb3 0-1

[Event "20. Torneo San Viator 2013"]
[Site "Madrid ESP"]
[Date "2013.04.14"]
[Round "2.33"]
[White "Perez Carballeira, Francisco"]
[Black "Apaza, Gabriela Erika"]
[Result "1-0"]
[WhiteElo "1609"]
[BlackElo "1195"]
[PlyCount "101"]
[EventDate "2013.04.07"]
[EventType "swiss"]
[EventRounds "9"]
[EventCountry "ESP"]
[Source "lmi"]
[SourceDate "2013.04.07"]

1. d4 Nf6 2. c4 e6 3. Nc3 Bb4 4. Qc2 b6 5. Bg5 c5 6. a3 Ba5 7. dxc5 bxc5 8. e4
d6 9. Bd3 Nc6 10. Nge2 Nd4 11. Qd1 Qb6 12. Rb1 h6 13. Be3 Bb7 14. O-O Bxc3 15.
bxc3 Nxe2+ 16. Qxe2 Qc6 17. f3 O-O 18. Rb2 Rab8 19. Rfb1 Nd7 20. Qf2 Ne5 21.
Be2 Qc7 22. Qg3 Kh7 23. Qf2 Ba6 24. Qf1 Rb7 25. f4 Nd7 26. Qd1 Rfb8 27. Rxb7
Rxb7 28. Rxb7 Qxb7 29. Bd3 Qb2 30. e5+ g6 31. exd6 Bb7 32. Qd2 Qb6 33. Bf1 Nf6
34. d7 Nxd7 35. Qxd7 Qc6 36. Qxc6 Bxc6 37. Bxc5 a6 38. Bd4 a5 39. Kf2 f5 40. g3
h5 41. h4 g5 42. hxg5 h4 43. gxh4 Kg6 44. Be2 a4 45. h5+ Kh7 46. Ke3 e5 47.
Bxe5 Be8 48. g6+ Kh6 49. g7 Bf7 50. c5 Bc4 51. Bxc4 1-0

[Event "20. Torneo San Viator 2013"]
[Site "Madrid ESP"]
[Date "2013.04.14"]
[Round "2.34"]
[White "Arias Martinez, Ivan"]
[Black "Rendo Quindos, Pedro"]
[Result "1-0"]
[WhiteElo "1766"]
[BlackElo "1606"]
[PlyCount "143"]
[EventDate "2013.04.07"]
[EventType "swiss"]
[EventRounds "9"]
[EventCountry "ESP"]
[Source "lmi"]
[SourceDate "2013.04.07"]

1. d4 Nf6 2. Nf3 g6 3. c4 Bg7 4. Nc3 O-O 5. e4 d6 6. Bd3 c5 7. d5 Ng4 8. h3 Ne5
9. Nxe5 Bxe5 10. f4 Bg7 11. O-O e6 12. Rb1 exd5 13. Nxd5 Be6 14. Bc2 Nc6 15.
Be3 Bxd5 16. Qxd5 Nb4 17. Qd2 Nxa2 18. f5 Qe7 19. Bg5 Qe5 20. f6 Bh8 21. Bf4
Qxf6 22. Bxd6 Qd4+ 23. Qxd4 Bxd4+ 24. Kh1 Rfe8 25. e5 Nb4 26. Be4 Nc6 27. Bd5
Kg7 28. Rxf7+ Kh6 29. e6 Rad8 30. Bg3 Re7 31. Rf4 Nb4 32. Bf3 Rxe6 33. Bxb7 g5
34. Re4 Rde8 35. Rxe6+ Rxe6 36. b3 a6 37. Re1 Rb6 38. Be4 Na2 39. Bc2 Nb4 40.
Bb1 Rf6 41. Kh2 Kg7 42. Be5 Bxe5+ 43. Rxe5 h6 44. Rxc5 Rb6 45. Be4 Kf6 46. Kg3
Re6 47. Rf5+ Kg7 48. Kf3 Nc6 49. Bxc6 Rxc6 50. Ra5 Rb6 51. Ra3 Rc6 52. Ra4 Kg6
53. g4 h5 54. Ke4 hxg4 55. hxg4 Rf6 56. c5 Kf7 57. Kd5 Rf3 58. Kc4 Rf4+ 59. Kc3
Rf6 60. Rc4 Rc6 61. b4 Kf6 62. Re4 a5 63. Kb3 axb4 64. Kxb4 Ra6 65. Kb5 Ra1 66.
Kb6 Rb1+ 67. Kc7 Rc1 68. c6 Rc2 69. Kb7 Rb2+ 70. Kc8 Rc2 71. c7 Rc1 72. Rb4 1-0

[Event "20. Torneo San Viator 2013"]
[Site "Madrid ESP"]
[Date "2013.04.14"]
[Round "2.35"]
[White "Gil Calvente, Jose Antonio"]
[Black "Tipter, Napoleon"]
[Result "0-1"]
[WhiteElo "1597"]
[BlackElo "1964"]
[PlyCount "152"]
[EventDate "2013.04.07"]
[EventType "swiss"]
[EventRounds "9"]
[EventCountry "ESP"]
[Source "lmi"]
[SourceDate "2013.04.07"]

1. e4 c6 2. d4 d5 3. Nc3 dxe4 4. Nxe4 Nf6 5. Nxf6+ gxf6 6. Bf4 Qb6 7. b3 Na6 8.
Nf3 Bg4 9. Be2 O-O-O 10. O-O Bxf3 11. Bxf3 Rxd4 12. Bg4+ e6 13. Qf3 Qb4 14. c3
Rxf4 15. cxb4 Rxf3 16. Bxf3 Nxb4 17. Bh5 Bc5 18. Bxf7 Kd7 19. a3 Nd5 20. Rfe1
e5 21. b4 Bb6 22. Rad1 Kd6 23. Rd3 Rf8 24. Bh5 Ke6 25. g3 a5 26. bxa5 Bxa5 27.
Red1 e4 28. Rd4 f5 29. Be2 Bb6 30. Rc4 Ra8 31. a4 Ke5 32. Kg2 Bd8 33. Rb1 Ra7
34. Bd1 Be7 35. h3 Kd6 36. Rb3 Bf6 37. Bh5 b6 38. Be8 c5 39. Kf1 Re7 40. Bb5
Bd4 41. Ke2 f4 42. Rc1 e3 43. fxe3 Bxe3 44. Rd1 Bd4+ 45. Kf3 fxg3 46. Kxg3 Rg7+
47. Kf3 Rf7+ 48. Kg3 Nf6 49. Bc4 Ne4+ 50. Kg4 Nf2+ 51. Kh4 Rb7 52. Rxd4+ cxd4
53. Rb5 Ra7 54. Rd5+ Kc6 55. Rxd4 Kc5 56. Rf4 Rxa4 57. Rxf2 Rxc4+ 58. Kg5 b5
59. h4 b4 60. Rf7 b3 61. Rxh7 b2 62. Rc7+ Kd4 63. Rb7 Kc3 64. h5 Rb4 65. Rxb4
Kxb4 66. Kg6 b1=Q+ 67. Kg7 Kc5 68. h6 Kd6 69. h7 Qb2+ 70. Kg8 Qb3+ 71. Kg7 Ke7
72. h8=Q Qg3+ 73. Kh6 Qh4+ 74. Kg7 Qg5+ 75. Kh7 Kf7 76. Qf6+ Kxf6 0-1

[Event "20. Torneo San Viator 2013"]
[Site "Madrid ESP"]
[Date "2013.04.14"]
[Round "2.36"]
[White "Casado Salvo, Jose Maria"]
[Black "Jaumandreu Llopis, Antonio"]
[Result "1-0"]
[WhiteElo "1758"]
[BlackElo "1590"]
[PlyCount "77"]
[EventDate "2013.04.07"]
[EventType "swiss"]
[EventRounds "9"]
[EventCountry "ESP"]
[Source "lmi"]
[SourceDate "2013.04.07"]

1. f4 d5 2. e3 c5 3. c3 Nc6 4. Nf3 Nf6 5. Be2 e6 6. O-O Bd6 7. d4 O-O 8. Ne5
Nd7 9. Rf3 f6 10. Nd3 e5 11. Rh3 e4 12. Nf2 Nb6 13. g4 f5 14. Nd2 Rf6 15. Nf1
fxg4 16. Bxg4 Bxg4 17. Nxg4 Rg6 18. Ng3 Re6 19. Ne5 Bxe5 20. fxe5 Qg5 21. Qh5
Qxh5 22. Nxh5 Rg6+ 23. Rg3 Rxg3+ 24. hxg3 c4 25. b3 Rf8 26. Bd2 a5 27. Kg2 Ne7
28. g4 Ng6 29. Be1 Rf3 30. Bf2 h6 31. Rh1 Rf8 32. Re1 Rc8 33. Rc1 Nd7 34. Kg3
Ndf8 35. Nf4 Kf7 36. Nxd5 Ne6 37. Nb6 Rc6 38. Nxc4 Ra6 39. Nd6+ 1-0

[Event "20. Torneo San Viator 2013"]
[Site "Madrid ESP"]
[Date "2013.04.14"]
[Round "2.37"]
[White "Vicario Ramirez, Celestino"]
[Black "Torrecillas Adan, Luis"]
[Result "1-0"]
[WhiteElo "1585"]
[BlackElo "1788"]
[PlyCount "125"]
[EventDate "2013.04.07"]
[EventType "swiss"]
[EventRounds "9"]
[EventCountry "ESP"]
[Source "lmi"]
[SourceDate "2013.04.07"]

1. c4 e5 2. Nc3 d6 3. g3 Nf6 4. Bg2 c6 5. d3 Be7 6. Nf3 O-O 7. O-O d5 8. Nxe5
d4 9. Ne4 Nxe4 10. Bxe4 Nd7 11. Nxd7 Bxd7 12. a3 Bh3 13. Re1 Qd7 14. b4 a5 15.
Rb1 a4 16. Qc2 Ra7 17. Bf4 Bf6 18. c5 Be6 19. Bg2 Bd5 20. f3 g5 21. Bd2 Re8 22.
Qc1 h6 23. f4 Qf5 24. Bxd5 Qxd5 25. Qd1 Bd8 26. Rf1 f6 27. Rf3 Qe6 28. e4 dxe3
29. Rxe3 Qd7 30. Qf3 Rxe3 31. Qxe3 Bc7 32. Re1 Ra8 33. Qe6+ Qxe6 34. Rxe6 Kf7
35. f5 Be5 36. Kf1 Rd8 37. Ke2 Bb2 38. g4 Bxa3 39. Bc3 Re8 40. Rxe8 Kxe8 41.
Bxf6 Bxb4 42. Bd4 a3 43. Kf3 a2 44. Ke4 Bxc5 45. Ba1 b5 46. f6 Kf7 47. d4 Bd6
48. d5 c5 49. h3 b4 50. Kd3 b3 51. Kc4 Ke8 52. Kxb3 Kd7 53. Kxa2 Bf8 54. Kb3
Kd6 55. Kc4 Kc7 56. Be5+ Kd7 57. Bg3 Ke8 58. d6 Kd7 59. Kxc5 Ke6 60. Kc6 Kxf6
61. Kc7 Kg6 62. d7 Be7 63. Bd6 1-0

[Event "20. Torneo San Viator 2013"]
[Site "Madrid ESP"]
[Date "2013.04.14"]
[Round "2.38"]
[White "Hernandez Herrera, Rodolfo"]
[Black "Insua Rodriguez, Antonio"]
[Result "1/2-1/2"]
[WhiteElo "1504"]
[BlackElo "1576"]
[PlyCount "48"]
[EventDate "2013.04.07"]
[EventType "swiss"]
[EventRounds "9"]
[EventCountry "ESP"]
[Source "lmi"]
[SourceDate "2013.04.07"]

1. b3 d5 2. Bb2 Nc6 3. e3 e5 4. Bb5 Bd7 5. Bxc6 Bxc6 6. Bxe5 Nf6 7. Nf3 Bd6 8.
Bd4 Bd7 9. d3 Qe7 10. O-O O-O 11. a4 Bg4 12. h3 Bf5 13. Nc3 c5 14. Bxf6 Qxf6
15. Nxd5 Qd8 16. c4 Qd7 17. e4 Bxh3 18. e5 Bxg2 19. Kxg2 Qg4+ 20. Kh1 Qh3+ 21.
Kg1 Qg4+ 22. Kh2 Qh5+ 23. Kg2 Qg4+ 24. Kh2 Qh5+ 1/2-1/2

[Event "20. Torneo San Viator 2013"]
[Site "Madrid ESP"]
[Date "2013.04.14"]
[Round "2.39"]
[White "Andres Rodriguez, Florencio"]
[Black "Olias Ruiz, Enrique"]
[Result "1-0"]
[WhiteElo "1575"]
[BlackElo "1398"]
[PlyCount "103"]
[EventDate "2013.04.07"]
[EventType "swiss"]
[EventRounds "9"]
[EventCountry "ESP"]
[Source "lmi"]
[SourceDate "2013.04.07"]

1. d4 d5 2. c4 e6 3. Nc3 c6 4. e3 g6 5. Nf3 Bg7 6. a4 Nf6 7. b3 O-O 8. Qc2 Re8
9. cxd5 exd5 10. Be2 Bf5 11. Qd1 Qd6 12. Ba3 Qc7 13. Rc1 Na6 14. O-O Ng4 15.
Nxd5 Qa5 16. Ne7+ Kh8 17. b4 Qc7 18. Nxf5 gxf5 19. Re1 Nb8 20. -- Nd7 21. h3
Ngf6 22. Bc4 Nb6 23. Qb3 Re7 24. Ng5 Nxc4 25. Qxc4 b5 26. Qc2 h6 27. Nf3 Re4
28. Qxc6 Qxc6 29. Rxc6 bxa4 30. Rec1 Nd5 31. Rc8+ Rxc8 32. Rxc8+ Kh7 33. Ra8
Re6 34. Rxa7 Kg6 35. Ne5+ Kf6 36. Rxf7+ Kg5 37. Rxg7+ Kh5 38. g4+ fxg4 39.
hxg4+ Kh4 40. Nf3+ Kh3 41. g5 Kg4 42. Kg2 h5 43. Ne5+ Kf5 44. Kg3 Re8 45. g6
Kg5 46. Rf7 Nc3 47. g7 Ne4+ 48. Kf3 Nf6 49. Rf8 Re7 50. g8=Q+ Nxg8 51. Rxg8+
Kh4 52. Ng6+ 1-0

[Event "20. Torneo San Viator 2013"]
[Site "Madrid ESP"]
[Date "2013.04.14"]
[Round "2.40"]
[White "Mateos Cordero, Francisco"]
[Black "Trapero Bueno, Vicente"]
[Result "1-0"]
[WhiteElo "1556"]
[BlackElo "1330"]
[PlyCount "59"]
[EventDate "2013.04.07"]
[EventType "swiss"]
[EventRounds "9"]
[EventCountry "ESP"]
[Source "lmi"]
[SourceDate "2013.04.07"]

1. d4 d5 2. c4 e6 3. e3 Nf6 4. Nc3 Be7 5. Nf3 O-O 6. Be2 c5 7. Qc2 b6 8. cxd5
exd5 9. O-O Ba6 10. a4 Bxe2 11. Nxe2 Nc6 12. Bd2 Rc8 13. Rac1 Nb4 14. Bxb4 cxb4
15. Qd3 a5 16. Qb5 Qd6 17. Ne5 Rc7 18. Rxc7 Qxc7 19. Rc1 Qb7 20. Nc6 Bd8 21.
Nxa5 Qd7 22. Qxd7 Nxd7 23. Nc6 Nf6 24. Nxb4 Re8 25. Nf4 Be7 26. Nbxd5 Nxd5 27.
Nxd5 Bd8 28. Rc8 Kf8 29. Rb8 Bc7 30. Rxe8+ 1-0

[Event "20. Torneo San Viator 2013"]
[Site "Madrid ESP"]
[Date "2013.04.21"]
[Round "3.1"]
[White "Renteria, Jorge"]
[Black "Linares Leyva, David"]
[Result "1-0"]
[WhiteElo "2300"]
[BlackElo "1904"]
[PlyCount "31"]
[EventDate "2013.04.07"]
[EventType "swiss"]
[EventRounds "9"]
[EventCountry "ESP"]
[Source "lmi"]
[SourceDate "2013.04.07"]

1. e4 c5 2. Nf3 d6 3. d4 cxd4 4. Nxd4 Nf6 5. Nc3 g6 6. Be3 Bg7 7. f3 a6 8. Qd2
Nbd7 9. O-O-O b5 10. g4 Bb7 11. g5 Nh5 12. Kb1 Rc8 13. Bh3 Rc4 14. Nd5 Ne5 15.
f4 Nd7 16. Bxd7+ 1-0

[Event "20. Torneo San Viator 2013"]
[Site "Madrid ESP"]
[Date "2013.04.21"]
[Round "3.2"]
[White "Bermejo Redondo, Oscar"]
[Black "Solaesa Navalpotro, Luis Julio"]
[Result "0-1"]
[WhiteElo "1896"]
[BlackElo "2249"]
[PlyCount "98"]
[EventDate "2013.04.07"]
[EventType "swiss"]
[EventRounds "9"]
[EventCountry "ESP"]
[Source "lmi"]
[SourceDate "2013.04.07"]

1. d4 Nf6 2. c4 c5 3. d5 b5 4. cxb5 a6 5. bxa6 g6 6. Nc3 Bxa6 7. e4 Bxf1 8.
Kxf1 d6 9. g4 Bg7 10. g5 Nfd7 11. Kg2 Qa5 12. Nge2 Na6 13. h4 Nb4 14. a3 Qa6
15. h5 O-O 16. Rh3 c4 17. Bd2 Nd3 18. Nc1 Nxb2 19. Qg4 Rfd8 20. hxg6 hxg6 21.
N1e2 Qc8 22. Qg3 Nd3 23. Rah1 Nf8 24. Qh2 f6 25. gxf6 exf6 26. Rg3 Rxa3 27. Nd4
Qc5 28. Be3 Nf4+ 29. Bxf4 Qxd4 30. Qh3 Rb3 31. Rd1 Qa7 32. Be3 Qd7 33. Qh4 Rxc3
34. Rh1 Qe7 35. Bh6 Rxg3+ 36. Kxg3 Bxh6 37. Qxh6 Qg7 38. Qf4 Qe7 39. Qh6 Qg7
40. Qc1 Rc8 41. Qf4 Qe7 42. Qh4 Qh7 43. Qg4 Qxh1 44. Qxc8 Qxe4 45. Qc6 c3 46.
f3 Qe7 47. f4 Qe3+ 48. Kg4 f5+ 49. Kg5 Qe7+ 0-1

[Event "20. Torneo San Viator 2013"]
[Site "Madrid ESP"]
[Date "2013.04.21"]
[Round "3.3"]
[White "Unciti Juan, Javier"]
[Black "Barahona Torrijos, Angel"]
[Result "1/2-1/2"]
[WhiteElo "2196"]
[BlackElo "1885"]
[PlyCount "112"]
[EventDate "2013.04.07"]
[EventType "swiss"]
[EventRounds "9"]
[EventCountry "ESP"]
[Source "lmi"]
[SourceDate "2013.04.07"]

1. e4 e5 2. Nf3 Nc6 3. d4 exd4 4. Nxd4 Bc5 5. Be3 Qf6 6. c3 Nge7 7. Bc4 b5 8.
Be2 O-O 9. O-O Ne5 10. Nd2 Bb7 11. f4 Nc4 12. Nxc4 bxc4 13. e5 Qg6 14. Qd2 Be4
15. Bf3 Rab8 16. Rab1 Bxf3 17. Rxf3 f6 18. exf6 Rxf6 19. f5 Qh5 20. b4 cxb3 21.
axb3 Bb6 22. Bg5 Rf7 23. Bxe7 Rxe7 24. f6 Rf7 25. Rbf1 Qd5 26. fxg7 Rxf3 27.
Rxf3 Bxd4+ 28. cxd4 Rxb3 29. Rxb3 Qxb3 30. Qf4 Qd1+ 31. Kf2 Qc2+ 32. Kf3 Qc6+
33. Kf2 Kxg7 34. Qg4+ Kf7 35. Qh5+ Qg6 36. Qd5+ Kg7 37. Qc5 Qf6+ 38. Ke2 a5 39.
g3 a4 40. Qb4 Qa6+ 41. Ke3 d6 42. Qc3 Qb6 43. Kf4 d5 44. h4 Qd6+ 45. Kg4 a3 46.
Kf3 a2 47. Kf2 c5 48. Kg2 c4 49. Qb2 Qa6 50. Qe2 Kf7 51. Qh5+ Kf8 52. Qf5+ Ke7
53. Qe5+ Kd7 54. Qxd5+ Qd6 55. Qb7+ Ke6 56. Qc8+ Ke7 1/2-1/2

[Event "20. Torneo San Viator 2013"]
[Site "Madrid ESP"]
[Date "2013.04.21"]
[Round "3.4"]
[White "Garcia Sanjuan, Jose"]
[Black "Iturbide Arnedo, Oscar"]
[Result "0-1"]
[WhiteElo "1877"]
[BlackElo "2151"]
[PlyCount "90"]
[EventDate "2013.04.07"]
[EventType "swiss"]
[EventRounds "9"]
[EventCountry "ESP"]
[Source "lmi"]
[SourceDate "2013.04.07"]

1. d4 g6 2. e4 Bg7 3. f4 d5 4. e5 c5 5. dxc5 Nc6 6. Bb5 Nh6 7. Nf3 Bg4 8. Nc3
e6 9. O-O O-O 10. Bxc6 bxc6 11. Qe1 Bxf3 12. Rxf3 Qa5 13. Be3 Rab8 14. b3 f6
15. exf6 Bxf6 16. Bf2 Nf5 17. Ne2 Qa3 18. c3 e5 19. fxe5 Bxe5 20. Qc1 Qa6 21.
Nd4 Nxd4 22. cxd4 Rxf3 23. gxf3 Bg7 24. Qe3 Rf8 25. a4 h6 26. Re1 Kh7 27. Bg3
Qb7 28. Qd3 Qd7 29. f4 Qf5 30. Rd1 h5 31. b4 h4 32. Bf2 Qxf4 33. Qe2 a6 34. Be3
Qe4 35. Re1 Re8 36. Kf2 Rf8+ 37. Kg1 Re8 38. Kf2 Bxd4 39. Qf3 Qc2+ 40. Kg1 Bg7
41. Rf1 Qc4 42. Qh3 Rxe3 43. Qxe3 Bd4 44. Qxd4 Qxd4+ 45. Kg2 Qxb4 0-1

[Event "20. Torneo San Viator 2013"]
[Site "Madrid ESP"]
[Date "2013.04.21"]
[Round "3.5"]
[White "Ore Leon, Gustavo"]
[Black "Gonzalez Mateos, Rafael"]
[Result "0-1"]
[WhiteElo "1856"]
[BlackElo "2110"]
[PlyCount "80"]
[EventDate "2013.04.07"]
[EventType "swiss"]
[EventRounds "9"]
[EventCountry "ESP"]
[Source "lmi"]
[SourceDate "2013.04.07"]

1. e4 e6 2. d4 d5 3. Nc3 Bb4 4. e5 Ne7 5. a3 Bxc3+ 6. bxc3 c5 7. Qg4 O-O 8. Bd3
c4 9. Bh6 Ng6 10. Bxg6 fxg6 11. Be3 Qe8 12. h4 Rf5 13. Ne2 Nc6 14. Ng3 h5 15.
Qh3 Rf8 16. a4 Bd7 17. Bc1 Qf7 18. O-O b6 19. Ba3 Rfe8 20. Rfe1 Ne7 21. a5 bxa5
22. Bxe7 Qxe7 23. Rxa5 Reb8 24. Nf1 Rb2 25. Ne3 Bc8 26. Rea1 Qb7 27. Kh2 Rb1
28. R1a2 a6 29. Qf3 Qf7 30. Qxf7+ Kxf7 31. Rc5 Ke7 32. Rc7+ Bd7 33. g3 a5 34.
Ng2 Kd8 35. Rc5 a4 36. Ra3 Rf1 37. Nf4 Rxf2+ 38. Kg1 Rxc2 39. Nxg6 Rb2 40. Ra1
a3 0-1

[Event "20. Torneo San Viator 2013"]
[Site "Madrid ESP"]
[Date "2013.04.21"]
[Round "3.7"]
[White "San Felipe Gonzalez, Tomas"]
[Black "Julian Serra, Rogelio"]
[Result "0-1"]
[WhiteElo "1649"]
[BlackElo "2014"]
[PlyCount "48"]
[EventDate "2013.04.07"]
[EventType "swiss"]
[EventRounds "9"]
[EventCountry "ESP"]
[Source "lmi"]
[SourceDate "2013.04.07"]

1. d4 Nf6 2. c4 e5 3. dxe5 Ng4 4. Nf3 Nc6 5. Nc3 Bc5 6. e3 O-O 7. Be2 Re8 8.
O-O Ncxe5 9. Nxe5 Nxe5 10. Kh1 a5 11. f4 Ng6 12. e4 d6 13. a3 f5 14. exf5 Nh4
15. Bg4 Nxf5 16. Bxf5 Bxf5 17. Qd5+ Be6 18. Qxb7 Bxc4 19. Rd1 Rb8 20. Qf3 Qh4
21. g3 Qh3 22. Ne4 Rb3 23. Nc3 Rxc3 24. bxc3 Re2 0-1

[Event "20. Torneo San Viator 2013"]
[Site "Madrid ESP"]
[Date "2013.04.21"]
[Round "3.9"]
[White "Villanueva Ortega, Ruben"]
[Black "Sotoca Aguado, Jose"]
[Result "1/2-1/2"]
[WhiteElo "1610"]
[BlackElo "1976"]
[PlyCount "82"]
[EventDate "2013.04.07"]
[EventType "swiss"]
[EventRounds "9"]
[EventCountry "ESP"]
[Source "lmi"]
[SourceDate "2013.04.07"]

1. e4 c6 2. d4 d5 3. e5 Bf5 4. Nf3 e6 5. Be2 c5 6. c3 Nc6 7. a3 Qb6 8. b4 cxd4
9. cxd4 Rc8 10. Bb2 Nh6 11. Nc3 Be7 12. Rc1 O-O 13. O-O Bg4 14. Na4 Qd8 15. Nc5
b6 16. Nb3 Bxf3 17. Bxf3 Bg5 18. Rc2 Nf5 19. b5 Nce7 20. Re1 Nh4 21. Bg4 Qd7
22. a4 Rxc2 23. Qxc2 Rc8 24. Qd3 Nhg6 25. g3 Qc7 26. f4 Qc2 27. Qxc2 Rxc2 28.
Re2 Rxe2 29. Bxe2 Bh6 30. Bd3 f5 31. Ba3 Nc8 32. Na1 Nge7 33. h4 Kf7 34. Nc2 g6
35. Bb4 Bf8 36. a5 Ng8 37. Bxf8 Kxf8 38. a6 Ke7 39. Nb4 Kd7 40. Kf2 Nce7 41.
Kf3 h5 1/2-1/2